Investment, capital accumulation, and growth some evidence from the Gambia 1964-98

Salvato in:
Dettagli Bibliografici
Autore principale: Beddies, Christian H.
Natura: Libro
Lingua:inglese
Pubblicazione: Washington International Monetary Fund 1999
Serie:IMF Working Paper WP/99/117
Soggetti:
Tags: Aggiungi Tag
Nessun Tag, puoi essere il primo ad aggiungerne!!

MARC

LEADER 00000nam a2200000 4500
001 c123767
005 20221221082739.0
041 0 |a eng 
044 |a US 
245 1 0 |a Investment, capital accumulation, and growth  |b some evidence from the Gambia 1964-98  |c Christian H. Beddies 
264 1 |a Washington  |b International Monetary Fund  |c 1999 
300 |a 32 s. 
490 1 |a IMF Working Paper  |v WP/99/117 
830 0 |a IMF Working Paper  |v WP/99/117 
610 2 0 |a akumulácia kapitálu 
610 2 0 |a investície 
610 2 0 |a kapitál ľudský 
610 2 0 |a rast hospodársky 
610 2 0 |a Gambia 
610 2 0 |a 1964-1998 
100 1 |a Beddies, Christian H.